| 000 | 00945nam0a2200313 i 4500 | ||
|---|---|---|---|
| 001 | RU\NLR\BIBL_A\011509367 | ||
| 005 | 20260406084555.0 | ||
| 010 |
_a9785699996056 _92000 |
||
| 021 |
_aRU _b2017-75141 _95353 |
||
| 035 | _a(RuMoRGB)009411198 | ||
| 035 | _a(NLR Aleph) 011509367 | ||
| 090 |
_a12037026 _c12037026 |
||
| 100 | _a20171030d2017 um y0rusy50 ca | ||
| 101 | 0 | _arus | |
| 102 | _aRU | ||
| 105 | _ay|||z|||000ay | ||
| 200 | 1 |
_aКредитная невеста _fВладимир Колычев |
|
| 210 |
_aМосква _cЭ _d2017 |
||
| 215 |
_a318 с. _d21 |
||
| 225 | 1 | _aЛюбовь зла и коварна | |
| 333 | _a16+ | ||
| 686 |
_aШ5(2=Р)64-644.6 _2rubbk |
||
| 686 | 2 | _aШ6(2=Р)8-446 | |
| 700 | 1 |
_7ca _8rus _aКолычев _bВ. Г. _f1968- _gВладимир Григорьевич _936105 _3RU\NLR\AUTH\7753172 |
|
| 942 | _cBOOK | ||
| 980 | _aNBR | ||